000 01322nam0a2200373 4500
001 RU\NLR\bibl\1503359
005 20250616020826.0
010 _a978-5-88017-127-9
_910000
021 _aRU
_b2010-20671
_91397
035 _a(nilc)RSL-KNO-004599141
035 _a(NLR Aleph) 001494798
090 _a1781308
_c1781308
100 _a20100323d2010 |||y0rusy50 ca
101 0 _arus
102 _aRU
105 _aa zzzz|||||
200 1 _aСветлое Христово Воскресение
_eкнига для чтения в школе и дома
_eдля начальних и средних учебных заведений
_f[сост. С. Шестакова]
210 _aМосква
_cИзд-во Московской Патриархии
_d2010
215 _a217, [1] с.
_cцв. ил.
_d26
225 1 _aПравославные праздники детям
610 0 _aДетская литература
686 _aШ9:Э372.24-439(2)
_2rubbk
686 _aШ9
_bЭ
686 _aШ9(2)62=Ря43
702 1 _aШестакова
_bС. М.
_4220
801 0 _aRU
_bРГБ
_c20100323
_grcr
801 1 _aRU
_bРГБ
_c20100323
801 2 _aRU
_bNLR
_c20100422
_grcr
942 _cBOOK
980 _aNB